| 000 | 00431nam a2200157 a 4500 | ||
|---|---|---|---|
| 001 | 000016446 | ||
| 005 | 20200929164921.0 | ||
| 008 | 100305s1980 dr 000 0 spa d | ||
| 040 | _aDO-SdBNP | ||
| 082 |
_axxx _bT355b |
||
| 245 | 0 | 0 |
_aTextos para la base : _bSindicalismo internacional. |
| 260 |
_aSanto Domingo : _bSecretarÃa General P. R. D., _c1980. |
||
| 300 |
_a90 P. ; _c22 cm. |
||
| 500 | _aIncluye notas | ||
| 049 | _aBNPD | ||
| 999 |
_c15981 _d15981 |
||